Países da América do Norte e Central - Statistics

Estatísticas Gerais
  • Esse quiz foi jogado 296 vezes
  • A pontuação média é 19 de 23
Respostas no mapa
Respostas codificadas por cores de uma escala verde-vermelha no mapa do quiz de acordo com a % correta abaixo.
 
Estatísticas das Respostas
Países % Correto
México
100%
Canadá
99%
Estados Unidos da América
99%
Cuba
94%
Jamaica
94%
Panamá
92%
Honduras
91%
Nicarágua
91%
Bahamas
90%
El Salvador
90%
Costa Rica
89%
Haiti
89%
Guatemala
88%
Belize
85%
República Dominicana
82%
Barbados
76%
Santa Lúcia
76%
Trinidad e Tobago
75%
Antígua e Barbuda
73%
Dominica
73%
São Cristóvão e Névis
69%
São Vicente e Granadinas
68%
Granada
66%
Nenhum quiz correspondente encontrado
Distribuição das Pontuações
Porcentagem de Pessoas com Cada Pontuação
Percentil de Números Respondidos
Sua Pontuação Histórica
Você não jogou esse quiz